000 00688nam a2200277Ia 4500
005 20260324113737.0
008 008 260324s9999 xx 000 0 eng d
020 _a9781003284543
037 _aEBOOK
040 _aCRL
040 _beng
040 _cCRL
041 _2eng
041 _aeng
084 _qCRL
100 _aS. Sasikala; D. Renuka Devi; Raghvendra Kumar
_91147996
245 0 _aResearch Practitioner's Handbook on Big Data Analytics
260 _bTaylor and Francis
260 _c2023
365 _a
365 _b260
856 _uhttp://www.taylorfrancis.com/books/9781003284543
942 _cEBOOK
999 _c1737810
_d1737810